000 00677nam a2200193 a 4500
001 3615
005 20140414131955.0
008 040719s19uu xx 00 eng d
020 _a0-689-82104-2
050 _aTR 513.2
_bB374 2000
100 _aBarrett, Judi
245 _aI knew two who said moo :
_cwritten by Judi Barrett ; illustrated by Daniel Moreton.
_ba counting and rhyming book /
260 _aNew York :
_bAtheneum Books for Young Readers,
_c2000.
300 _ap. ; cm.
520 _aRhyming lines feature the number from one to ten.
650 _aCounting
_xJuvenile literature.
650 _aEnglish language
_xRhyme
_xJuvenile literature.
999 _c112900
_d112900